04997cam a2200373 i 4500999001700000001000900017003000400026005001700030008004100047020002800088040002300116042000800139082001900147245006600166250001700232264003500249300006100284336002600345336002800371337002800399338002700427500002000454504002000474505302400494520078203518650001704300650001104317650003904328650004004367650005304407700003704460942001204497952011404509 c63299d6329918417213OSt20240530110633.0141219s2014 sz ae 001 0 eng  a9783037681701 (hd. bd.) aDLCbengcDLCerda apcc04221a725.91bKE00aExhibition design /cSibylle Kramer ; editor: Sibylle Kramer. a1st edition. 1a[Salenstein] :bBraun,c[2014] a271 pages :bchiefly color illustrations, plans ;c31 cm atextbtxt2rdacontent astill image2rdacontent aunmediatedbn2rdamedia avolumebnc2rdacarrier aIncludes index. aIncludes index.0 aDiscovering objects : Enzo Ferrari House Museum / Shiro Studio -- Joana Vasconcelos Versailles / Unidade Infinita Projectos -- Porsche Pavilion / hg merz architekten museumsgestalter & jangled nerves -- MUDE: 22 yrs of design at FAUL / Marco Rocha, architect, Mário Ribeiro, curator -- i-land for the Russian Pavilion / Speech Tchoban & Kuznetsov -- Swiss Pavilion World Expo 2010 / element GmbH design & scenography -- Keep it Glassy / Coordination Asia -- Ding Raum MMK / Meixner Schlüter Wendt Architekten -- The Warhol Temporary Museum / LIKEarchitects -- Kusch+Co: past, present, future / Atelier Brückner GmbH -- Porsche Museum / hg merz architekten museumsgestalter -- Erwin Hymer Museum / Milla & Partner -- 100 beste Plakate '10 / Büro Münzing -- Helvetia Club / ZMIK Studio for Spacial Design -- Ruhr Museum / hg merz architekten museumsgestalter -- Stimulating senses : Hirata No Boshi / Nendo -- Meet Design: Around the World / Migliore+Servetto Architects -- 100 Colors / emmanuelle moureaux -- Haus Vertigo / Christl Mudrak -- Rotemartha / Martin Pfeifle -- Sasso San Gottardo / Holzer Kobler Architekten -- Serafini Fair Stand / atelier 522 GmbH -- Seconda Pelle / Fabio Novembre -- Watermarks / Studio Bonner -- Souto de Moura: competitions / R2 Design -- Kampf um die Stadt / BWM Architekten und Partner -- SO 100 at Zezeze Gallery / SO Architecture -- Baukultur Made in Germany / J.Mayer H. Architects -- International Maritime Museum / Kwod Design, MS Architektur + Design, Holger von Neuhoff -- Design and Fashion Museum / Ricardo Cavalho + Joana Vilhena Arquitectos -- Visualizing information : Building / Studio Gang Architects -- Museum Luthers Sterbehaus / neo.studio neumann schneider architekten -- KOGEI Triennale Pre-event / Nendo -- German Sports Hall of Fame / echo ))) kommunikation im raum -- The Floating Skeleton and Whirl / WY-TO PTE Ltd -- Katz & Hund, literarisch / element GmbH design & scenography -- Dip in Space / HEAD, Genève -- TIP TOP, German Design Loft / J.Mayer H. Architects -- Liceu Ópera Barcelona Exhibit / Cadaval & Solà-Morales -- Samsung, IFA Berlin 2009 / Schmidhuber -- Architekturwelten / nps tchoban voss -- Mis Estrellas, Mis Etoiles / Hernando Barragán -- Fair stand: Ritzenhoff / Hadi Teherani AG -- Lisbon Architecture Triennale / Cláudio Vilarinho -- Museum prototype / DFZ Architekten -- Telling stories : Shanghai Film Museum / Coordination Asia -- MIgrating Landscapes / 5468796 Architecture + Jae-Sung Chon -- DIRIMART Gallery / Peter Kogler -- Multimedia Exhibition Lsx20 -- Projektpilot EuroShop 2008 / D'art Design Gruppe -- Weapons for the Gods / Büro Münzing -- 250 Jahre Rechnungshof / BWM Architekten und Partner -- Spontaneous Interventions / Freecell Architecture -- Off the Wall / Studio ST Architects & Z-A Studio -- Steve McCurry / Fabio Novembre -- KOGEI Triennale / Nendo -- Ausstellungspavilion / pilzarchitektur -- Odin / Snarkitecture -- Head-in / magma architecture -- sparkling bubbles / emmanuelle moureaux. aSuccessful exhibition design is more than the presentation of products, objects and ideas, going beyond the mere conveyance of information related to them. A functioning concept must contribute to a deeper understanding. It must also tell a story. The basic and defining concept is to not only allow but to actually initiate communication and interaction between the exhibit and the observer. The interdisciplinary fusion of architecture, graphic design, digital media, and interior design, occasionally even including scenographic elements gives creativity a very large space to bloom. The permanent and contemporary projects presented in this volume include museums and art exhibitions, installations, as well as the presentation of products at fair booths and in show rooms. 0aExhibitions. 0aFairs. 0aExhibit boothsvDesigns and plans. 0aTrade showsxExhibition techniques. 0aArchitecture, Moderny21st centuryvExhibitions.1 aKramer, Sibylle,d1967-eeditor. 2ddccBK 00102ddc4070aCAIbCAIcART-LIBRARYd2017-09-13l0o725.91 KEp163283r2017-09-13 00:00:00w2017-09-13yBK